Úlohy a postavenie ŠBČS v investičnej výstavbe záverečná práca postgraduálneho štúdia

Uložené v:
Podrobná bibliografia
Hlavný autor: Domjen, Miroslav
Korporativný autor: Vysoká škola ekonomická v Bratislave
Ďalší autori: Moravčík, Jozef
Médium: Kniha
Jazyk:Slovak
Vydavateľské údaje: Bratislava 1988
Tagy: Pridať tag
Žiadne tagy, Buďte prvý, kto otaguje tento záznam!

MARC

LEADER 00000nam a2200000 4500
001 c031833
005 20221219092514.3
041 0 |a slo 
044 |a SK 
245 1 0 |a Úlohy a postavenie ŠBČS v investičnej výstavbe  |b záverečná práca postgraduálneho štúdia  |c Miroslav Domjen ; Ved. práce Jozef Moravčík 
264 1 |a Bratislava  |c 1988 
300 |a 43 s. 
100 1 |a Domjen, Miroslav 
700 1 |a Moravčík, Jozef 
710 2 |a Vysoká škola ekonomická v Bratislave